000 02057nam0a22003611 4500
001 rc\488300
005 20250621103619.0
035 _a(NLR Aleph) 005730480
090 _a7573573
_c7573573
100 _a20030616d1987 |||y0rusy50 ca
101 0 _arus
102 _aRU
105 _aa |||||||||
200 1 _aПовести и рассказы
_fВалерий Брюсов
_g[Вступ. ст. В.В. Химич, Примеч. С.С. Гречишкина, А.В. Лаврова
_gХуд. А.В. Вохмин]
210 _aСвердловск
_cИзд-во Урал. ун-та
_d1987
215 _a317, [2] с.
_cил.
_d20
327 0 _aСодерж.: Под Старым мостом; В подземной тюрьме; Теперь, когда я проснулся; В зеркале; В башне; Бемоль; Мраморная головка; Республика Южного Креста; Ночное путешествие; Восстание машин, и др. произведения
464 0 _12001#$aПод Старым мостом
_tПод Старым мостом
464 0 _12001#$aВ подземной тюрьме
_tВ подземной тюрьме
464 0 _12001#$aТеперь, когда я проснулся
_tТеперь, когда я проснулся
464 0 _12001#$aВ зеркале
_tВ зеркале
464 0 _12001#$aВ башне
_tВ башне
464 0 _12001#$aБемоль
_tБемоль
464 0 _12001#$aМраморная головка
_tМраморная головка
464 0 _12001#$aРеспублика Южного Креста
_tРеспублика Южного Креста
464 0 _12001#$aНочное путешествие
_tНочное путешествие
464 0 _12001#$aВосстание машин
_tВосстание машин
700 1 _aБрюсов
_bВ.Я.
_f1873-1924
_gВалерий Яковлевич
801 0 _aRU
_bNLR
_gpsbo
801 1 _aRU
_bELAR
_2rusmarc
852 _aNLR
_j87-3/8751
942 _cBOOK
980 _aNB